Stress Relief for Teachers : The ´Coping Triangle´

Gespeichert in:
Bibliographische Detailangaben
1. Verfasser: Hayes, Claire (Verfasst von)
Format: Buch
Sprache:Englisch
Veröffentlicht: Abingdon : Routledge, 2006
Tags: Tag hinzufügen
Keine Tags, Fügen Sie das erste Tag hinzu!

MARC

LEADER 00000nam a22000003a 4500
001 stu219636
005 20150617230117.4
008 101217s2006----uk------------------eng-d
020 |a 978-0-415-36934-3 
040 |a STU  |b slo 
041 0 |a eng 
044 |a uk 
100 1 |a Hayes, Claire  |4 aut 
245 1 |a Stress Relief for Teachers :  |b The ´Coping Triangle´ 
260 |a Abingdon :  |b Routledge,  |c 2006 
300 |a 146 s 
996 |b 284M079019  |c M*12893-1  |l MMKN  |s A  |a 24  |w stu219636_0001